000 00750nam a22002057a 4500
999 _c163272
_d163272
005 20190408130545.0
010 _aB-721059
020 _a9788125036845
_c395.00
035 _aB-721059
037 _bAksharesh Enterprises
082 _a954.09
100 _aChandra, Bipan
245 _aHistory of modern India /
_cby Bipan Chandra
260 _aHyderabad
_bOrient Blackswan
_c2019
270 _a3-6-752, Himayatnagar
_bHyderabad
_e500029
300 _aviii, 351p.
_c22cm(pbk)
500 _aIncludes index
942 _2ddc
_cEN
_mCHA
_h954.09